University Home | Library Home | Institutional Repository

The challenge to education. (Record no. 189143)

MARC details
000 -LEADER
fixed length control field 00663cam6a220021700 4500
001 - CONTROL NUMBER
control field tmp15477731
003 - CONTROL NUMBER IDENTIFIER
control field UPRA
005 - DATE AND TIME OF LATEST TRANSACTION
control field 20190830111222.0
008 - FIXED-LENGTH DATA ELEMENTS--GENERAL INFORMATION
fixed length control field 950824s1967 enk eng u
035 ## - SYSTEM CONTROL NUMBER
System control number (Sirsi) r113436
035 ## - SYSTEM CONTROL NUMBER
System control number (UPRA)tmp15477731
040 ## - CATALOGING SOURCE
Transcribing agency UPRA
100 1# - MAIN ENTRY--PERSONAL NAME
Titles and words associated with a name Sir, d8.1..26.5
Linkage A5037.1
245 14 - TITLE STATEMENT
Title The challenge to education.
260 ## - PUBLICATION, DISTRIBUTION, ETC.
Place of publication, distribution, etc. [Harmondsworth, Middlesex] :
Name of publisher, distributor, etc. Penguin,
Date of publication, distribution, etc. [1967]
504 ## - BIBLIOGRAPHY, ETC. NOTE
Bibliography, etc. note Includes bibliographies.
650 #0 - SUBJECT ADDED ENTRY--TOPICAL TERM
Topical term or geographic name entry element Education -- Aims and objectives.
General subdivision Education -- Aims and objectives.
Linkage S3594.1
650 #0 - SUBJECT ADDED ENTRY--TOPICAL TERM
Topical term or geographic name entry element Education.
Linkage S3595.1
949 ## - LOCAL PROCESSING INFORMATION (OCLC)
a LA132
w lcc
i -162666
m MAIN
t BOOK
l ON-SHELF

No items available.

© 2026 - The University of Zambia Library - Koha v25.11